000 00576nam a2200229Ia 4500
003 OSt
005 20220924132115.0
006 a|||||r|||| 00| 0
007 ta
008 220923b |||||||| |||| 00| 0 san d
024 _a12905
037 _cTextual
040 _aARTS
_cARTS
_bsan
041 _2san
_asan
082 _a/\2, 15E4
100 _aSharma Babu Nadan comp
_9203760
245 0 _aSruti siddhanta sangrah
260 _c1914
650 _aSPIRurdALISM
942 _h/\2, 15E4
_cTEXL
_2CC
999 _c429266
_d429266